| 000 | 01253nam0a2200337 4500 | ||
|---|---|---|---|
| 001 | RU\NLR\bibl\1392134 | ||
| 005 | 20260405162356.0 | ||
| 010 |
_a978-5-17-055580-2 _bАСТ |
||
| 010 |
_a978-5-94663-692-6 _bЗебра Е _92000 |
||
| 021 |
_aRU _b2009-39667 _92411 |
||
| 035 | _a(nilc)RSL-KNO-004330815 | ||
| 035 | _a(NLR Aleph) 001384166 | ||
| 090 |
_a1120916 _c1120916 |
||
| 100 | _a20090515d2009 |||y0rusy50 ca | ||
| 101 | 0 | _arus | |
| 102 | _aRU | ||
| 105 | _aa zzzz||||| | ||
| 200 | 1 |
_aКолесо фортуны _e[роман-эссе] _fЛев Гинзбург |
|
| 210 |
_aМосква _cАСТ _cЗебра Е _d2009 _eЕкатеринбург _gУральский рабочий |
||
| 215 |
_a748, [1] с., [8] л. ил., портр. _d22 |
||
| 225 | 1 |
_aЛичный архив _eписьма, мемуары, дневники |
|
| 686 |
_aШ5(2=Р)75-64я44 _2rubbk |
||
| 686 | _aШ6(2=Р)75-491 | ||
| 700 | 1 |
_4070 _aГинзбург _bЛ. В. _cписатель, критик _f1921-1980 _gЛев Владимирович _951614 _3RU\NLR\auth\7768686 |
|
| 801 | 0 |
_aRU _bРКП _c20090515 _grcr |
|
| 801 | 1 |
_aRU _bРГБ _c20090515 |
|
| 801 | 2 |
_aRU _bNLR _c20090714 _grcr |
|
| 942 | _cBOOK | ||
| 980 | _aNB | ||